<?xml version="1.0" encoding="UTF-8"?>
<collection xmlns="http://www.loc.gov/MARC21/slim">
 <record>
  <leader>01009nam a22002415a 4500</leader>
  <controlfield tag="001">EEA.libagro004383</controlfield>
  <controlfield tag="005">20181127113901.0</controlfield>
  <controlfield tag="008">130809s1986####ag#a##########000#0#spa#d</controlfield>
  <datafield tag="020" ind1=" " ind2=" ">
   <subfield code="a">9509930822 (t. 1)</subfield>
  </datafield>
  <datafield tag="020" ind1=" " ind2=" ">
   <subfield code="a">9509899119 (t. 2)</subfield>
  </datafield>
  <datafield tag="082" ind1="0" ind2="4">
   <subfield code="a">338.982</subfield>
  </datafield>
  <datafield tag="100" ind1="1" ind2=" ">
   <subfield code="a">Sottolano, Miguel Angel.</subfield>
  </datafield>
  <datafield tag="245" ind1="1" ind2="0">
   <subfield code="a">Evaluación de los regímenes de promoción industrial 1958-1984 /</subfield>
   <subfield code="c">Miguel Angel Sottolano, Jacobo Beker.</subfield>
  </datafield>
  <datafield tag="260" ind1=" " ind2=" ">
   <subfield code="a">Buenos Aires :</subfield>
   <subfield code="b">Consejo Federal de Inversiones,</subfield>
   <subfield code="c">1986.</subfield>
  </datafield>
  <datafield tag="300" ind1=" " ind2=" ">
   <subfield code="a">2 v. :</subfield>
   <subfield code="b">il. ;</subfield>
   <subfield code="c">28 cm.</subfield>
  </datafield>
  <datafield tag="490" ind1="1" ind2=" ">
   <subfield code="a">Estudios y proyectos</subfield>
  </datafield>
  <datafield tag="530" ind1=" " ind2=" ">
   <subfield code="a">Disponible también en línea.</subfield>
  </datafield>
  <datafield tag="700" ind1="1" ind2=" ">
   <subfield code="a">Beker, Jacobo.</subfield>
  </datafield>
  <datafield tag="710" ind1="2" ind2=" ">
   <subfield code="a">Consejo Federal de Inversiones (Argentina)</subfield>
  </datafield>
  <datafield tag="856" ind1=" " ind2=" ">
   <subfield code="u">https://s3-sa-east-1.amazonaws.com/cfi-biblioteca/root/33561.pdf</subfield>
   <subfield code="3">v.1</subfield>
  </datafield>
  <datafield tag="856" ind1=" " ind2=" ">
   <subfield code="u">https://s3-sa-east-1.amazonaws.com/cfi-biblioteca/root/33562.pdf</subfield>
   <subfield code="3">v.2</subfield>
  </datafield>
  <datafield tag="859" ind1=" " ind2=" ">
   <subfield code="a">AR-BbBCA</subfield>
   <subfield code="b">BIB. AGRONOMIA</subfield>
   <subfield code="h">338.982</subfield>
   <subfield code="i">S718</subfield>
   <subfield code="p">1990/1626</subfield>
   <subfield code="v">t.1</subfield>
   <subfield code="3">Tomo I</subfield>
  </datafield>
  <datafield tag="859" ind1=" " ind2=" ">
   <subfield code="a">AR-BbBCA</subfield>
   <subfield code="b">BIB. AGRONOMIA</subfield>
   <subfield code="h">338.982</subfield>
   <subfield code="i">S718</subfield>
   <subfield code="p">1990/1627</subfield>
   <subfield code="v">t.2</subfield>
   <subfield code="3">Tomo II</subfield>
  </datafield>
 </record>
</collection>
